| 000 | 00494nam a2200157 i 4500 | ||
|---|---|---|---|
| 001 | 83372 | ||
| 003 | ES-MaACL | ||
| 005 | 20230906174821.0 | ||
| 007 | t| | ||
| 008 | 041116s1971 sp ||||1| spa d | ||
| 245 | 0 | 0 |
_aEstadística de protestos de letras de cambio _b: año 1970 / _cInstituto Nacional de Estadística. |
| 260 |
_aMadrid : _b[s.n., _c1971] |
||
| 300 |
_a101 p. ; _c27 cm. |
||
| 710 | 2 |
_aInstituto Nacional de Estadística (España) _95162 |
|
| 852 |
_aES-MaACL _jC-41374 _bR.79047 |
||
| 999 |
_c83372 _d83372 |
||